1849 1887 1698 1791 1881 1737 1284 1448 1865 1816 1246 1549 1144 1881 1803 1569 1293 1158 1803 1299 1976 1570 1248 1810 1359 1145 1040 1700 1228 1572 1127 1684 1596 1411 1792 1081 1746 1026 1669 1107 1462 1634 1948 1687 1914 1208 1400 1462 1734 1393 1583 1293 1126 1324 1157 1823 1684 1122 1791 1808 1068 1746 1907 1463 1080 1166 1332 1994 1779 1252 1748 1555 1532 1063 1487 1026 1887 1022 1981 1433 1342 1725 1058 1131 1035 1774 1459 1216 1006 1312 1151 1048 1112 1831 1556 1154 1864 1572 1598 BCNSPRNW ULIB Ver.6.0+V

เปลี่ยนเป็นภาษาไทย

Change to English
 แสดงรายละเอียดบรรณานุกรม
  กลับหน้าหลัก

Brief Record : Get Marc (ISO 2709) : E-mail record : QR code < ปิดหน้าต่าง
LEADER : 00000nam 2200000uu 4500
001    13399120772
003     ULIB
008    020711sมปป. th a 000 0 tha d
020    9749462211
090    นว.^bร111ร
100    รวมนักขียน
245    รักเท่าที่เห็นและเป็นอยู่/^cรวมนักขียน
260     ^bม.ป.ท.,^cม.ป.ป.
945    ^p0^l0^i24563
999    ^aทศพร เกษรทอง
รายการนี้ยังไม่มีแท็ก
คุณยังไม่ได้ล็อกอิน คุณสามารถมีกิจกรรมร่วมกับเว็บไซต์ได้ แต่ต้องล็อกอินก่อน ::
  ล็อกอิน

รายการสื่อสารสนเทศ

ลำดับที่ ประเภท เลขเรียก/บาร์โค้ด สถานที่ สถานะ
1. นวนิยาย
นวนิยาย
นว. ร111ร  
  Barcode: 24563
ห้องสมุดวิทยาเขตสวรรค์ประชารักษ์
►หนังสือทั่วไป
บนชั้น

BibComment


ยังไม่เคยถูกคอมเมนท์

คอมเมนท์ทรัพยากรรายการนี้
  คอมเมนท์: รักเท่าที่เห็นและ..


 Copyright 2026. Bcnsprnw @Library